000
00265nam a22001217a 4500
008
181218b xxu||||| |||| 00| 0 eng d
041
_a
eng
080
_2
2nd
_a
573
100
_a
11
101
_a
BIO
245
_a
Clinical Oral Biology
_c
Kardos,T
942
_2
udc
_c
BK
999
_c
53359
_d
53359